Responses for Show #4606 - Monday, September 20, 2004

2004 Tournament of Champions quarterfinal game 1.

Contestants

[<< previous game]

Keith Williams, a college student from Manchester, Vermont

Sam Ott, a graduate student from Los Angeles, California

Arthur Gandolfi, a commercial real estate executive from Pleasantville, New York

[next game >>]

Jeopardy! Round responses

IMAGINARY RACES
CHAMPIONSHIP MOVIES
NAMED FOR A FRENCH KING'S MISTRESS
ALSO A CURRENT SUPREME COURT JUSTICE
ADD A "PIN"CH
FOR GOOD MEASURE
    $200 21
Grendel

Arthur
    $200 1
Hoosiers

Arthur
    $200 16
Louis XIV

Arthur
    $200 6
Souter

Sam
    $200 11
spinach

Arthur
    $200 26
a mile

Arthur
    $400 22
Gorgons

Keith
    $400 2
National Velvet

Sam
    $400 17
Louis XV

Arthur
    $400 7
Kennedy

Sam
    $400 12
tenpin

Keith
    $400 27
(Keith: What is a day?)
(Sam: What is a year?)

a week

ArthurSamKeith
    $600 23
[ERRATUM: An incorrect spelling of "Shai-Hulud" was given in the clue.]

Dune

Sam
    $600 3
Breaking Away

Arthur
    $600 18
(Alex: ...again.)

Louis XIV

Triple Stumper
    $600 8
Stevens

Triple Stumper
    $600 13
Spinoza

Triple Stumper
    $600 28
a dash

Triple Stumper
    $800 24
Alien Nation

Sam
    $800 4
Snake Eyes

Triple Stumper
    $800 19
(Alex: ...was no slouch either.)

Louis XV

Triple Stumper
    $500 9
(Sam: Who is Robbins?)

Breyer

Sam
    $800 14
popinjay

Triple Stumper
    $800 29
a liter

Keith
    $1000 25
Fraggles

Sam
    $1000 5
They Shoot Horses, Don't They?

Triple Stumper
    $1000 20
(Keith: Who was Louis XVI?)

Louis XIV

ArthurKeith
    $1000 10
Thomas

Keith
    $1000 15
pince-nez

Arthur
    $1000 30
a British thermal unit

Arthur

Scores at the first commercial break (after clue 15):

Arthur Sam Keith
$2,000 $500 $1,400

Scores at the end of the Jeopardy! Round:

Arthur Sam Keith
$5,400 $2,500 $1,200

Double Jeopardy! Round responses

LET'S VISIT BOTSWANA
TV TITLE PAIRS
BIRTHIN' BABIES
BUSINESS
POLITICIANS
"TOC"
    $400 24
zebras

Arthur
    $400 1
Starsky & Hutch

Triple Stumper
    $400 6
a membrane

Arthur
    $400 14
(Keith: What is the Tribune?)

the Sun-Times

ArthurKeith
    $400 7
Missouri

Arthur
    $400 19
protocol

Arthur
    $800 25
(Keith: What is Swahili?)

English

ArthurKeith
    $800 2
Hope & Faith

Triple Stumper
    $800 12
color of the skin

Triple Stumper
    $800 15
a supermarket

Keith
    $800 8
(Keith: Who is Newt Gingrich?)

(1 of) Sam Rayburn, Jim Wright or John Garner

ArthurKeith
    $800 20
toccata

Keith
    $1200 26
(Sam: Uh, what are Dick?)
[The audience breaks out into riotous laughter.]

Bushmen

Sam
Triple Stumper
    $1200 3
(Sam: What is Coach?)

Simon & Simon

Sam
Triple Stumper
    $1200 13
ectopic

Arthur
    $1200 16
Berkshire Hathaway

Arthur
    $1200 9
Nebraska

Keith
    $1200 21
meritocracy

Arthur
    $600 27
South Africa

Arthur
    $1600 4
Hardcastle & McCormick

Triple Stumper
    $1600 28
colostrum

Triple Stumper
    $1600 17
Staples

Sam
    $1600 10
Jim Jeffords

Keith
    $1600 22
mitochondria

Keith
    $2000 30
Gaborone

Keith
    $2000 5
(Sam: What is McMillan and Wife?)

Nanny and the Professor

Sam
Triple Stumper
    $1,000 29
(Arthur: What is Lamaze?)

Robert Bradley

Arthur
    $2000 18
Hewlett-Packard

Arthur
    $2000 11
Gavin Newsom

Sam
    $2000 23
a tocsin

Arthur

Scores at the end of the Double Jeopardy! Round:

Arthur Sam Keith
$16,200 $1,700 $7,200
(lock game)

Final Jeopardy! Round responses

ART SUBJECTS
SamWhat is Paris?
$1,700
KeithWhat is Berlin?
$3,700
ArthurWhat is Bruges?
$0
Calais (from Rodin's The Burghers of Calais)

Final scores:

Arthur Sam Keith
$16,200 $0 $3,500
Automatic semifinalist 3rd place: $5,000 2nd place: $5,000

Game dynamics:

Coryat scores:

Arthur Sam Keith
$18,200 $2,200 $7,200
24 R
(including 1 DD),
1 W
(including 1 DD)
8 R,
5 W
(including 1 DD)
10 R,
5 W

Combined Coryat: $27,600

[game clues] [game scores] [suggest correction]

Game tape date: 2004-04-29
The J! Archive is created by fans, for fans. Scraping, republication, monetization, and malicious use prohibited; this site may use cookies and collect identifying information. See terms. The Jeopardy! game show and all elements thereof, including but not limited to copyright and trademark thereto, are the property of Jeopardy Productions, Inc. and are protected under law. This website is not affiliated with, sponsored by, or operated by Jeopardy Productions, Inc. Join the discussion at JBoard.tv.